000 00888cam a2200349 4500500
005 20260329002656.0
041 _afre
042 _adc
100 1 0 _aWilliams, Patrick
_eauthor
245 0 0 _aRésonances / Mai 2013
260 _c2013.
500 _a88
690 _aCahuzac
690 _aChine
690 _aCosmologie
690 _aÉcriture
690 _aEspace
690 _aEurasie
690 _aFéminisation
690 _aGenre
690 _aGéopolitique
690 _aHanna Rosin
690 _aMachiavel
690 _aMétaphysique
690 _aNumérique
690 _aPolitique
690 _aRussie
690 _aStoïcisme
690 _aUnivers
786 0 _nPhilosophie magazine | 69 | 5 | 2013-05-01 | p. 8-8 | 1951-1787
856 4 1 _uhttps://shs.cairn.info/magazine-philosophie-magazine-2013-5-page-8?lang=fr&redirect-ssocas=7080
999 _c1817289
_d1817289